| 000 | 00782nam a2200253 a 4500 | ||
|---|---|---|---|
| 001 | 4788669 | ||
| 003 | NUST - PNEC | ||
| 005 | 20170116180956.0 | ||
| 008 | 870522s1988 ohua b 001 0 eng | ||
| 010 | _a 87061582 | ||
| 020 | _a0675204526 | ||
| 040 | _cLIBRARY | ||
| 082 | 0 | 0 | _a629.895 WEB |
| 100 | 1 | _aWebb, John W. | |
| 245 | 1 | 0 |
_aProgrammable controllers _bprinciples and applications / _cJohn W. Webb. |
| 260 |
_aColumbus : _bMerrill, _cc1988. |
||
| 300 |
_axiv, 320 p. : _bill. ; _c25 cm. |
||
| 500 | _aIncludes index. | ||
| 504 | _aBibliography: p. [315]-316. | ||
| 650 | 0 |
_aProgrammable controllers. _xMIS |
|
| 906 |
_a7 _bcbc _corignew _d2 _eopcn _f19 _gy-gencatlg |
||
| 942 |
_2ddc _cBK |
||
| 999 |
_c66541 _d66541 |
||